Skip to main content
Your cart is empty.
Your lists
Log in to create your own lists
Your cookies
العربية
English
العربية
Home
Search
Advanced search
Authority search
About
The noble scholar, jurist, historian
His Excellency Dr. Abdul Wahhab bin Ibrahim Abu Sulaiman, may Allah have mercy on him.
He was born in Umm Al-Qura in the year 1356 AH.
Library catalog
Title
Author
Subject
ISBN
ISSN
Series
Call number
Log in to your account
×
Login:
Password:
Home
MARC view: مباحث في تراث الغرب الإسلامي /
Normal view
MARC view
ISBD view
مباحث في تراث الغرب الإسلامي / (Record no. 2398)
[
view plain
]
MARC details
000 -LEADER
fixed length control field
02338cam a2200361 i 4500
003 - CONTROL NUMBER IDENTIFIER
control field
SA_RiAUC
003 - CONTROL NUMBER IDENTIFIER
control field
SA-RiAUC
005 - DATE AND TIME OF LATEST TRANSACTION
control field
20241116102806.0
008 - FIXED-LENGTH DATA ELEMENTS--GENERAL INFORMATION
fixed length control field
241114s2013 mr g b f000 0 ara c
020 ## - INTERNATIONAL STANDARD BOOK NUMBER
International Standard Book Number
9954542804
024 0# - OTHER STANDARD IDENTIFIER
Standard number or code
00000000610275
040 ## - CATALOGING SOURCE
Original cataloging agency
SA-JeALM
Language of cataloging
ara
Transcribing agency
SA-RiAUC
Modifying agency
AE-DuMBRL
Description conventions
rda
043 ## - GEOGRAPHIC AREA CODE
Geographic area code
e-sp---
--
ff-----
050 #4 - LIBRARY OF CONGRESS CALL NUMBER
Item number
W37 2013
082 04 - DEWEY DECIMAL CLASSIFICATION NUMBER
Classification number
953.072
Assigning agency
SA-RiAUC
090 ## - LOCALLY ASSIGNED LC-TYPE CALL NUMBER (OCLC); LOCAL CALL NUMBER (RLIN)
Classification number (OCLC) (R) ; Classification number, CALL (RLIN) (NR)
953.072
Local cutter number (OCLC) ; Book number/undivided call number, CALL (RLIN)
و ر ا
100 1# - MAIN ENTRY--PERSONAL NAME
Personal name
الوراكلي، حسن،
Dates associated with a name
1941-
Relator term
مؤلف.
245 10 - TITLE STATEMENT
Title
مباحث في تراث الغرب الإسلامي /
Statement of responsibility, etc.
تأليف الدكتور حسن الوراكلي.
250 ## - EDITION STATEMENT
Edition statement
الطبعة الأولى.
264 #1 - PRODUCTION, PUBLICATION, DISTRIBUTION, MANUFACTURE, AND COPYRIGHT NOTICE
Place of production, publication, distribution, manufacture
الرباط :
Name of producer, publisher, distributor, manufacturer
الرابطة المحمدية للعلماء :
--
مركز الدراسات والأبحاث وإحياء التراث،
Date of production, publication, distribution, manufacture, or copyright notice
2013.
300 ## - PHYSICAL DESCRIPTION
Extent
185 صفحة ؛
Dimensions
25 × 17 سم.
336 ## - CONTENT TYPE
Content type term
نص
Content type code
txt
Source
rdacontent
Materials specified
كتاب
337 ## - MEDIA TYPE
Media type term
بدون وسيط
Media type code
n
Source
rdamedia
338 ## - CARRIER TYPE
Carrier type term
مجلد
Carrier type code
nc
Source
rdacarrier
490 0# - SERIES STATEMENT
Series statement
سلسلة دراسات وأبحاث ؛
Volume/sequential designation
12
500 ## - GENERAL NOTE
General note
الإخراج الفني : إبتسام بنيوسف.
504 ## - BIBLIOGRAPHY, ETC. NOTE
Bibliography, etc. note
ببليوجرافية : صفحة 183-185.
520 ## - SUMMARY, ETC.
Summary, etc.
يتناول كتاب (مباحث في تراث الغرب الإسلامي) والذي قام بتأليفه حسن الوراكلي في حوالي (185) صفحة من القطع المتوسط موضوع (التراث المغرب العربي) مستعرضا المحتويات التالية : افتتاحية، أبو عمران الفاسي منظومة علم وأخلاق، الأحباس العملية عند المغاربة والأندلسيين، تراث ابن مروزق الخطيب مصدرا لتاريخ المجاورين في مكة والمدينة خلال القرن الثامن الهجري، حاضرة تلمسان مهاجر العلماء : مساهمة علماء الأندلس في تشكيل صورة تلمسان العالمة، كتب أبي عثمان عمرو بن بحر الجاحظ في الغرب الإسلامي، فنون أدبية في مؤلفات الأندلسيين الشرعية.
651 #7 - SUBJECT ADDED ENTRY--GEOGRAPHIC NAME
Geographic name
الأندلس
General subdivision
حضارة
Source of heading or term
aucsh
651 #7 - SUBJECT ADDED ENTRY--GEOGRAPHIC NAME
Geographic name
المغرب العربي
General subdivision
تاريخ
Source of heading or term
aucsh
942 ## - ADDED ENTRY ELEMENTS (KOHA)
Source of classification or shelving scheme
Dewey Decimal Classification
Koha item type
Books
Suppress in OPAC
No
949 ## - LOCAL PROCESSING INFORMATION (OCLC)
a
SA-JeALM
d
241114
u
mohamedma123
n
1
Holdings
Withdrawn status
Lost status
Source of classification or shelving scheme
Damaged status
Not for loan
Home library
Current library
Date acquired
Total checkouts
Full call number
Barcode
Date last seen
Price effective from
Koha item type
Dewey Decimal Classification
DR AbdElwahab Library
DR AbdElwahab Library
11/16/2024
953.072 و ر ا
000003754
11/16/2024
11/16/2024
Books
Place hold
Print
Add to your cart
(remove)
Save record
BIBTEX
Dublin Core
MARCXML
MARC (non-Unicode/MARC-8)
MARC (Unicode/UTF-8)
MARC (Unicode/UTF-8, Standard)
MODS (XML)
RIS
ISBD
More searches
Search for this title in:
Other Libraries (WorldCat)
Other Databases (Google Scholar)
Online Stores (Bookfinder.com)
Open Library (openlibrary.org)
Exporting to Dublin Core...
×
Simple DC-RDF
OAI-DC
SRW-DC